000 00692nam a2200193 a 4500
001 000046037
005 20201002052609.0
008 150612s2012 dr a 000 0 spa d
020 _a994500039x
040 _aDO-SdBNP
_bspa
_cBNPHU
082 _axxxx
_bxxxx
100 1 _aRodríguez Martínez, Nelson Rafael
_934805
245 1 0 _aTerapias alternativas aplicadas /
_cNelson Rafael Rodríguez Martínez.
260 _a[Santiago de los Caballeros], República Dominicana :
_bCentro Gráfico Luis,
_c2012.
300 _a434 p. ;
_c21 cm.
500 _aIncluye datos biográficos del autor en la solapa de la contracubierta
500 _aIncluye glosario
504 _aBibliografía : P. 432-433
999 _c45526
_d45526